000 01216nam a22002657a 4500
005 20170124103054.0
010 _aB-150910
020 _c125.00
_a8178820242
035 _aB-150910
037 _bCen Lib/Ret
040 _aDPL
_bHN
082 _a
_bचट्टोपा
100 _aचट्टोपाध्याय, संजीव
_966661
245 _aदो कुर्सियां /
_cसंजीव चट्टोपाध्याय; अनुवादिका ममता खरे
246 _aDo kursiyan /
_bby Sanjeev Chattopadhyay; anuvadika Mamta Khare
260 _aदिल्ली
_bसुरेन्द्रकुमार एंड सन्ज़
_c2004
270 _a30/21ए-22ए, गली नं.9, विश्वास नगर, शाहदरा
_bदिल्ली
_e110032
300 _a103पृ.
_c21सेमी(सजिल्द)
650 _aहिन्दी -- साहित्य
_971278
650 _aहिन्दी -- उपन्यास
_971279
650 _aHindi -- Literature
_971280
650 _aHindi -- Fiction
_927248
700 _aखरे, ममता
_92233
942 _2ddc
_cHN
_h
_mचट्टोपा
999 _c117305
_d117305